[Event "DVM U14 2020"]
[Site "Willingen GER"]
[Date "2021.06.26"]
[Round "5"]
[White "Nitsche, Nikolai"]
[Black "Schwartz, Oliver"]
[Result "1/2-1/2"]
[Termination "normal"]
[Board "5.1"]
[WhiteElo "1831"]
[BlackElo "1835"]
[WhiteClock "00:43:48"]
[BlackClock "00:16:31"]
[WhiteTeam "SV Empor Berlin e.V."]
[BlackTeam "SC Ostfildern 1952 e.V."]
[PlyCount "100"]
[WhiteFideId "16221036"]
[BlackFideId "16207459"]
[EventCountry "GER"]
[EventRounds "7"]
[EventType "team-swiss"]
[EventDate "2021.06.23"]

1. g3 {[%clk 1:30:45]} 1... d5 {[%clk 1:29:48]} 2. d3 {[%clk 1:31:08]} 2... e5
{[%clk 1:29:30]} 3. Bg2 {[%clk 1:30:21]} 3... Nc6 {[%clk 1:27:59]} 4. Nf3 {
[%clk 1:28:42]} 4... h6 {[%clk 1:25:44]} 5. O-O {[%clk 1:27:52]} 5... Nf6 {
[%clk 1:22:43]} 6. Nfd2 {[%clk 1:26:40]} 6... Bc5 {[%clk 1:19:50]} 7. c3 {
[%clk 1:23:18]} 7... O-O {[%clk 1:17:23]} 8. e4 {[%clk 1:22:42]} 8... Bg4 {
[%clk 1:10:03]} 9. Qe1 {[%clk 1:21:44]} 9... a5 {[%clk 1:03:04]} 10. exd5 {
[%clk 1:13:21]} 10... Nxd5 {[%clk 1:02:59]} 11. Nc4 {[%clk 1:13:02]} 11... Re8
{[%clk 0:59:29]} 12. Ne3 {[%clk 1:08:44]} 12... Nxe3 {[%clk 0:50:18]} 13. Bxe3
{[%clk 1:09:04]} 13... Qd6 {[%clk 0:49:32]} 14. Bxc5 {[%clk 0:58:32]} 14...
Qxc5 {[%clk 0:47:16]} 15. Nd2 {[%clk 0:57:14]} 15... Rad8 {[%clk 0:44:43]} 16.
Ne4 {[%clk 0:56:35]} 16... Qb6 {[%clk 0:44:22]} 17. h3 {[%clk 0:56:43]} 17...
Bc8 {[%clk 0:42:14]} 18. Qb1 {[%clk 0:53:32]} 18... Qa6 {[%clk 0:35:09]} 19.
Rd1 {[%clk 0:49:54]} 19... f5 {[%clk 0:31:29]} 20. b4 {[%clk 0:39:54]} 20...
axb4 {[%clk 0:28:10]} 21. cxb4 {[%clk 0:40:08]} 21... Qb5 {[%clk 0:25:56]} 22.
Nc3 {[%clk 0:39:30]} 22... Qxb4 {[%clk 0:24:41]} 23. Qxb4 {[%clk 0:38:16]}
23... Nxb4 {[%clk 0:24:55]} 24. Rab1 {[%clk 0:38:32]} 24... Rxd3 { [%clk
0:20:11]} 25. Rxb4 {[%clk 0:37:11]} 25... Rxc3 {[%clk 0:20:34]} 26. Bxb7 {[%clk
0:34:27]} 26... Bxb7 {[%clk 0:18:46]} 27. Rxb7 {[%clk 0:34:30]} 27... Re7
{[%clk 0:18:30]} 28. a4 {[%clk 0:31:07]} 28... Ra3 {[%clk 0:16:43]} 29. Ra7
{[%clk 0:30:30]} 29... Kf7 {[%clk 0:13:59]} 30. Rc1 {[%clk 0:27:58]} 30... c6 {
[%clk 0:11:17]} 31. Ra5 {[%clk 0:26:41]} 31... Re6 {[%clk 0:10:02]} 32. Ra7+ {
[%clk 0:26:34]} 32... Re7 {[%clk 0:09:43]} 33. Ra6 {[%clk 0:26:41]} 33... Re6 {
[%clk 0:08:55]} 34. Ra7+ {[%clk 0:26:42]} 34... Kf6 {[%clk 0:08:48]} 35. a5 {
[%clk 0:24:12]} 35... f4 {[%clk 0:07:47]} 36. Kg2 {[%clk 0:21:25]} 36... fxg3 {
[%clk 0:07:20]} 37. fxg3 {[%clk 0:21:45]} 37... Ra2+ {[%clk 0:06:13]} 38. Kf3 {
[%clk 0:17:51]} 38... e4+ {[%clk 0:05:30]} 39. Ke3 {[%clk 0:15:33]} 39... Ra3+
{[%clk 0:05:16]} 40. Ke2 {[%clk 0:15:54]} 40... e3 {[%clk 0:01:56]} 41. Rc2 {
[%clk 0:14:22]} 41... c5 {[%clk 0:26:52]} 42. a6 {[%clk 0:41:02]} 42... Raxa6 {
[%clk 0:22:13]} 43. Rxa6 {[%clk 0:41:24]} 43... Rxa6 {[%clk 0:22:38]} 44. Rxc5
{[%clk 0:41:49]} 44... Re6 {[%clk 0:22:24]} 45. Rc3 {[%clk 0:41:53]} 45... h5 {
[%clk 0:17:31]} 46. Rxe3 {[%clk 0:42:16]} 46... Rxe3+ {[%clk 0:17:51]} 47. Kxe3
{[%clk 0:42:42]} 47... Ke5 {[%clk 0:17:28]} 48. h4 {[%clk 0:43:02]} 48... g6 {
[%clk 0:16:57]} 49. Kf3 {[%clk 0:43:28]} 49... Kf5 {[%clk 0:16:56]} 50. Kf2 {
[%clk 0:43:48]} 50... g5 {[%clk 0:16:31]} 1/2-1/2

[Event "DVM U14 2020"]
[Site "Willingen GER"]
[Date "2021.06.26"]
[Round "5"]
[White "Chugunov, Ivan"]
[Black "Freude, Max"]
[Result "0-1"]
[Termination "normal"]
[Board "5.2"]
[WhiteElo "1500"]
[BlackElo "1806"]
[WhiteClock "00:41:09"]
[BlackClock "00:13:06"]
[WhiteTeam "SC Ostfildern 1952 e.V."]
[BlackTeam "SV Empor Berlin e.V."]
[PlyCount "134"]
[WhiteFideId "16256808"]
[BlackFideId "16236157"]
[EventCountry "GER"]
[EventRounds "7"]
[EventType "team-swiss"]
[EventDate "2021.06.23"]

1. e4 {[%clk 1:30:44]} 1... c5 {[%clk 1:30:57]} 2. Nf3 {[%clk 1:31:00]} 2...
Nc6 {[%clk 1:31:23]} 3. d4 {[%clk 1:30:47]} 3... cxd4 {[%clk 1:31:48]} 4. Nxd4
{[%clk 1:31:04]} 4... Nf6 {[%clk 1:32:13]} 5. Nc3 {[%clk 1:31:19]} 5... e5 {
[%clk 1:32:37]} 6. Ndb5 {[%clk 1:31:06]} 6... d6 {[%clk 1:32:59]} 7. Bg5 {
[%clk 1:31:15]} 7... a6 {[%clk 1:33:23]} 8. Na3 {[%clk 1:31:34]} 8... b5 {
[%clk 1:33:48]} 9. Nd5 {[%clk 1:31:26]} 9... Be7 {[%clk 1:34:11]} 10. Bxf6 {
[%clk 1:30:53]} 10... Bxf6 {[%clk 1:34:34]} 11. c3 {[%clk 1:30:45]} 11... O-O {
[%clk 1:34:53]} 12. Nc2 {[%clk 1:30:19]} 12... Be6 {[%clk 1:34:33]} 13. Nce3 {
[%clk 1:30:05]} 13... Bg5 {[%clk 1:34:42]} 14. Bd3 {[%clk 1:29:10]} 14... Ne7 {
[%clk 1:33:12]} 15. Bc2 {[%clk 1:26:39]} 15... g6 {[%clk 1:27:41]} 16. Bb3 {
[%clk 1:23:28]} 16... Bxe3 {[%clk 1:26:15]} 17. Nxe3 {[%clk 1:22:43]} 17... Qd7
{[%clk 1:24:48]} 18. O-O {[%clk 1:21:12]} 18... Kg7 {[%clk 1:24:05]} 19. Bd5 {
[%clk 1:17:28]} 19... Rab8 {[%clk 1:19:16]} 20. Qb3 {[%clk 1:15:27]} 20... Bxd5
{[%clk 1:18:54]} 21. Nxd5 {[%clk 1:14:09]} 21... f5 {[%clk 1:15:15]} 22. f3 {
[%clk 1:10:49]} 22... Nc6 {[%clk 1:10:33]} 23. Rad1 {[%clk 1:06:28]} 23... Rf7
{[%clk 1:08:12]} 24. Qc2 {[%clk 0:58:10]} 24... Rbf8 {[%clk 1:03:22]} 25. Qd3 {
[%clk 0:56:15]} 25... Nd8 {[%clk 0:58:14]} 26. b4 {[%clk 0:50:35]} 26... f4 {
[%clk 0:54:18]} 27. c4 {[%clk 0:47:49]} 27... bxc4 {[%clk 0:49:35]} 28. Qxc4 {
[%clk 0:47:34]} 28... Qa7+ {[%clk 0:49:11]} 29. Rf2 {[%clk 0:46:58]} 29... Ne6
{[%clk 0:47:41]} 30. Kf1 {[%clk 0:44:43]} 30... Nd4 {[%clk 0:46:31]} 31. Rfd2 {
[%clk 0:42:20]} 31... Qb7 {[%clk 0:41:38]} 32. Rc1 {[%clk 0:41:59]} 32... Qb5 {
[%clk 0:39:55]} 33. Kf2 {[%clk 0:40:04]} 33... Rb8 {[%clk 0:31:46]} 34. Rxd4 {
[%clk 0:32:29]} 34... exd4 {[%clk 0:31:22]} 35. Qxd4+ {[%clk 0:32:11]} 35...
Kh6 {[%clk 0:30:07]} 36. g4 {[%clk 0:28:27]} 36... Qe8 {[%clk 0:21:20]} 37. g5+
{[%clk 0:26:50]} 37... Kxg5 {[%clk 0:19:09]} 38. Rg1+ {[%clk 0:26:42]} 38...
Kh6 {[%clk 0:19:07]} 39. Nf6 {[%clk 0:26:30]} 39... Qe6 {[%clk 0:14:56]} 40.
Nd5 {[%clk 0:23:22]} 40... Rc8 {[%clk 0:08:41]} 41. Qb2 {[%clk 0:17:20]} 41...
Qe5 {[%clk 0:04:14]} 42. Rb1 {[%clk 0:17:18]} 42... Rff8 {[%clk 0:28:17]} 43.
Ke2 {[%clk 0:46:15]} 43... Qh5 {[%clk 0:26:15]} 44. Rh1 {[%clk 0:43:38]} 44...
Qe5 {[%clk 0:23:57]} 45. Rb1 {[%clk 0:43:54]} 45... Rc6 {[%clk 0:22:27]} 46.
Kd3 {[%clk 0:40:46]} 46... Rfc8 {[%clk 0:19:40]} 47. Qxe5 {[%clk 0:40:04]}
47... dxe5 {[%clk 0:20:02]} 48. Rb2 {[%clk 0:40:10]} 48... Rc4 {[%clk 0:19:49]}
49. a4 {[%clk 0:39:32]} 49... Rd4+ {[%clk 0:19:09]} 50. Ke2 {[%clk 0:39:45]}
50... Rc1 {[%clk 0:14:54]} 51. Kf2 {[%clk 0:39:37]} 51... Rcd1 {[%clk 0:14:47]}
52. b5 {[%clk 0:39:07]} 52... axb5 {[%clk 0:14:51]} 53. axb5 {[%clk 0:39:15]}
53... R4d2+ {[%clk 0:14:57]} 54. Rxd2 {[%clk 0:39:29]} 54... Rxd2+ { [%clk
0:15:22]} 55. Ke1 {[%clk 0:39:31]} 55... Rxh2 {[%clk 0:13:37]} 56. b6 { [%clk
0:38:51]} 56... Rb2 {[%clk 0:13:40]} 57. Kd1 {[%clk 0:38:45]} 57... Kg5 { [%clk
0:13:44]} 58. Kc1 {[%clk 0:38:55]} 58... Rb5 {[%clk 0:14:05]} 59. Kc2 { [%clk
0:38:57]} 59... h5 {[%clk 0:14:05]} 60. Kc3 {[%clk 0:39:16]} 60... h4 { [%clk
0:14:06]} 61. Kc4 {[%clk 0:39:31]} 61... Rb1 {[%clk 0:13:25]} 62. Nb4 { [%clk
0:39:52]} 62... Rc1+ {[%clk 0:13:06]} 63. Kb5 {[%clk 0:40:12]} 63... Rc8 {[%clk
0:13:23]} 64. Nc6 {[%clk 0:40:35]} 64... h3 {[%clk 0:12:57]} 65. b7 { [%clk
0:40:50]} 65... Re8 {[%clk 0:12:57]} 66. Kb6 {[%clk 0:41:00]} 66... h2 { [%clk
0:12:59]} 67. Nxe5 {[%clk 0:41:09]} 67... h1=Q {[%clk 0:13:06]} 0-1

[Event "DVM U14 2020"]
[Site "Willingen GER"]
[Date "2021.06.26"]
[Round "5"]
[White "Ellert, Stefan"]
[Black "Walter, Romeo"]
[Result "1-0"]
[Termination "normal"]
[Board "5.3"]
[WhiteElo "1657"]
[BlackElo "1486"]
[WhiteClock "00:28:31"]
[BlackClock "00:30:30"]
[WhiteTeam "SV Empor Berlin e.V."]
[BlackTeam "SC Ostfildern 1952 e.V."]
[PlyCount "78"]
[WhiteFideId "16235029"]
[BlackFideId "16275055"]
[EventCountry "GER"]
[EventRounds "7"]
[EventType "team-swiss"]
[EventDate "2021.06.23"]

1. d4 {[%clk 1:30:35]} 1... Nf6 {[%clk 1:30:50]} 2. Bf4 {[%clk 1:30:56]} 2...
e6 {[%clk 1:30:51]} 3. Nf3 {[%clk 1:31:17]} 3... d5 {[%clk 1:28:57]} 4. e3 {
[%clk 1:31:32]} 4... c5 {[%clk 1:27:44]} 5. c3 {[%clk 1:31:11]} 5... Nc6 {
[%clk 1:28:00]} 6. Bd3 {[%clk 1:31:30]} 6... Be7 {[%clk 1:21:24]} 7. h3 { [%clk
1:31:28]} 7... O-O {[%clk 1:21:25]} 8. O-O {[%clk 1:31:16]} 8... Bd7 { [%clk
1:19:30]} 9. Nbd2 {[%clk 1:29:57]} 9... Rc8 {[%clk 1:18:31]} 10. Bh2 { [%clk
1:28:10]} 10... Qb6 {[%clk 1:12:40]} 11. Rb1 {[%clk 1:27:28]} 11... a6 { [%clk
1:00:49]} 12. Ne5 {[%clk 1:24:10]} 12... cxd4 {[%clk 0:48:43]} 13. exd4 { [%clk
1:24:11]} 13... Na5 {[%clk 0:38:04]} 14. Nxd7 {[%clk 1:17:58]} 14... Nxd7
{[%clk 0:37:37]} 15. Qe2 {[%clk 1:15:41]} 15... Nf6 {[%clk 0:35:50]} 16. f4 {
[%clk 1:13:42]} 16... Bd6 {[%clk 0:30:19]} 17. Nf3 {[%clk 1:13:17]} 17... h6 {
[%clk 0:28:55]} 18. Ne5 {[%clk 1:12:44]} 18... Rfe8 {[%clk 0:22:09]} 19. g4 {
[%clk 1:05:34]} 19... Nh7 {[%clk 0:15:42]} 20. Qf2 {[%clk 1:02:38]} 20... Nc6 {
[%clk 0:10:36]} 21. Bxh7+ {[%clk 0:55:55]} 21... Kxh7 {[%clk 0:10:47]} 22. Nxf7
{[%clk 0:56:18]} 22... Qc7 {[%clk 0:08:47]} 23. Nxd6 {[%clk 0:53:16]} 23...
Qxd6 {[%clk 0:08:57]} 24. f5 {[%clk 0:51:34]} 24... e5 {[%clk 0:07:45]} 25.
dxe5 {[%clk 0:46:32]} 25... Nxe5 {[%clk 0:08:10]} 26. f6 {[%clk 0:46:35]} 26...
Qxf6 {[%clk 0:07:19]} 27. Qxf6 {[%clk 0:46:26]} 27... gxf6 {[%clk 0:07:46]} 28.
Rxf6 {[%clk 0:46:49]} 28... b5 {[%clk 0:04:37]} 29. Bxe5 {[%clk 0:46:38]} 29...
Rxe5 {[%clk 0:05:00]} 30. Rxa6 {[%clk 0:46:56]} 30... Re2 {[%clk 0:04:59]} 31.
Rd6 {[%clk 0:46:43]} 31... Rd2 {[%clk 0:05:15]} 32. Rb6 {[%clk 0:46:42]} 32...
d4 {[%clk 0:05:15]} 33. Rxb5 {[%clk 0:41:13]} 33... Re8 {[%clk 0:03:36]} 34.
Rf1 {[%clk 0:33:28]} 34... Ree2 {[%clk 0:02:13]} 35. Rf7+ {[%clk 0:33:50]}
35... Kg6 {[%clk 0:01:14]} 36. Rbf5 {[%clk 0:34:01]} 36... Rd1+ {[%clk 0:01:32]
} 37. Rf1 {[%clk 0:33:56]} 37... Rdd2 {[%clk 0:01:36]} 38. R7f2 {[%clk 0:32:46]
} 38... d3 {[%clk 0:01:38]} 39. Rxe2 {[%clk 0:28:31]} 39... Rxe2 { [%clk
0:30:30]} 1-0

[Event "DVM U14 2020"]
[Site "Willingen GER"]
[Date "2021.06.26"]
[Round "5"]
[White "Zimanovic, Leon Daniel"]
[Black "Jiang, Luke"]
[Result "0-1"]
[Termination "normal"]
[Board "5.4"]
[WhiteElo "1386"]
[BlackElo "1358"]
[WhiteClock "00:18:58"]
[BlackClock "00:16:28"]
[WhiteTeam "SC Ostfildern 1952 e.V."]
[BlackTeam "SV Empor Berlin e.V."]
[PlyCount "90"]
[WhiteFideId "16275063"]
[BlackFideId "16292065"]
[EventCountry "GER"]
[EventRounds "7"]
[EventType "team-swiss"]
[EventDate "2021.06.23"]

1. e4 {[%clk 1:30:53]} 1... c5 {[%clk 1:30:45]} 2. Nc3 {[%clk 1:31:04]} 2... d6
{[%clk 1:30:33]} 3. Nf3 {[%clk 1:30:55]} 3... Nf6 {[%clk 1:30:22]} 4. d4 {
[%clk 1:30:36]} 4... cxd4 {[%clk 1:30:01]} 5. Nxd4 {[%clk 1:30:46]} 5... e6 {
[%clk 1:29:34]} 6. Bc4 {[%clk 1:27:34]} 6... a6 {[%clk 1:28:46]} 7. O-O { [%clk
1:26:18]} 7... b5 {[%clk 1:28:04]} 8. Bb3 {[%clk 1:26:11]} 8... Bb7 { [%clk
1:27:31]} 9. Re1 {[%clk 1:22:44]} 9... Be7 {[%clk 1:26:36]} 10. a3 { [%clk
1:21:18]} 10... Nbd7 {[%clk 1:26:08]} 11. Ba2 {[%clk 1:17:51]} 11... Rc8 {[%clk
1:24:09]} 12. Qf3 {[%clk 1:14:38]} 12... O-O {[%clk 1:13:36]} 13. b4 { [%clk
1:06:11]} 13... Ne5 {[%clk 1:10:23]} 14. Qg3 {[%clk 1:02:24]} 14... Nh5 { [%clk
1:02:14]} 15. Qh3 {[%clk 0:58:11]} 15... g6 {[%clk 0:55:23]} 16. Bh6 { [%clk
0:49:54]} 16... Re8 {[%clk 0:49:58]} 17. Re3 {[%clk 0:39:02]} 17... Bf6 { [%clk
0:48:19]} 18. Nxe6 {[%clk 0:32:39]} 18... fxe6 {[%clk 0:46:47]} 19. Bxe6+
{[%clk 0:31:37]} 19... Kh8 {[%clk 0:46:38]} 20. Bxc8 {[%clk 0:31:43]} 20...
Qxc8 {[%clk 0:46:12]} 21. Qxc8 {[%clk 0:31:03]} 21... Rxc8 {[%clk 0:46:26]} 22.
Rh3 {[%clk 0:29:44]} 22... Ng4 {[%clk 0:40:02]} 23. Bd2 {[%clk 0:29:08]} 23...
Bxe4 {[%clk 0:39:54]} 24. Rc1 {[%clk 0:27:30]} 24... Bb7 {[%clk 0:36:22]} 25.
Rd3 {[%clk 0:25:40]} 25... Be5 {[%clk 0:29:47]} 26. h3 {[%clk 0:21:56]} 26...
Ngf6 {[%clk 0:28:17]} 27. f3 {[%clk 0:20:41]} 27... Nf4 {[%clk 0:24:11]} 28.
Re3 {[%clk 0:18:56]} 28... N4d5 {[%clk 0:21:48]} 29. Rd3 {[%clk 0:18:10]} 29...
Nxc3 {[%clk 0:19:42]} 30. Bxc3 {[%clk 0:18:05]} 30... Rxc3 {[%clk 0:20:00]} 31.
Rxc3 {[%clk 0:17:48]} 31... Bxc3 {[%clk 0:20:23]} 32. Rd1 {[%clk 0:18:04]}
32... Bd5 {[%clk 0:19:38]} 33. Rd3 {[%clk 0:18:03]} 33... Be5 {[%clk 0:19:12]}
34. c3 {[%clk 0:17:34]} 34... Bc4 {[%clk 0:19:01]} 35. Re3 {[%clk 0:17:49]}
35... Nd5 {[%clk 0:18:58]} 36. Re4 {[%clk 0:17:54]} 36... Nxc3 {[%clk 0:18:48]}
37. Re1 {[%clk 0:18:19]} 37... Kg7 {[%clk 0:18:27]} 38. f4 {[%clk 0:17:26]}
38... Bxf4 {[%clk 0:17:05]} 39. Re7+ {[%clk 0:17:43]} 39... Kh6 {[%clk 0:16:43]
} 40. Ra7 {[%clk 0:17:46]} 40... Be3+ {[%clk 0:16:59]} 41. Kh2 {[%clk 0:18:07]}
41... Bxa7 {[%clk 0:17:21]} 42. g4 {[%clk 0:18:07]} 42... Bd5 {[%clk 0:17:26]}
43. g5+ {[%clk 0:18:23]} 43... Kxg5 {[%clk 0:16:30]} 44. a4 {[%clk 0:18:42]}
44... Ne2 {[%clk 0:16:28]} 45. a5 {[%clk 0:18:58]} 45... Bg1# 0-1

[Event "DVM U14 2020"]
[Site "Willingen GER"]
[Date "2021.06.26"]
[Round "5"]
[White "Bock, Marlon"]
[Black "Kraftsik, Christian"]
[Result "1/2-1/2"]
[Termination "normal"]
[Board "6.1"]
[WhiteElo "1654"]
[BlackElo "1797"]
[WhiteClock "00:05:32"]
[BlackClock "00:02:49"]
[WhiteTeam "SSV Vimaria 91 Weimar"]
[BlackTeam "Schach-Club Vaterstetten-Grasbrunn"]
[PlyCount "61"]
[WhiteFideId "16244931"]
[BlackFideId "16242548"]
[EventCountry "GER"]
[EventRounds "7"]
[EventType "team-swiss"]
[EventDate "2021.06.23"]

1. b3 {[%clk 1:30:57]} 1... d5 {[%clk 1:30:40]} 2. Bb2 {[%clk 1:30:51]} 2... c5
{[%clk 1:30:17]} 3. e3 {[%clk 1:30:08]} 3... Nc6 {[%clk 1:29:14]} 4. f4 { [%clk
1:28:34]} 4... Nf6 {[%clk 1:24:32]} 5. Nf3 {[%clk 1:24:42]} 5... g6 { [%clk
1:21:16]} 6. Be2 {[%clk 1:21:55]} 6... Bg7 {[%clk 1:20:30]} 7. O-O { [%clk
1:21:15]} 7... O-O {[%clk 1:19:16]} 8. Ne5 {[%clk 1:18:59]} 8... Nxe5 { [%clk
1:10:19]} 9. fxe5 {[%clk 1:11:54]} 9... Nd7 {[%clk 1:06:57]} 10. d4 { [%clk
1:08:50]} 10... a6 {[%clk 0:53:40]} 11. c4 {[%clk 1:05:06]} 11... dxc4 { [%clk
0:42:52]} 12. Bxc4 {[%clk 1:02:30]} 12... Nb6 {[%clk 0:35:11]} 13. d5 { [%clk
0:49:52]} 13... Nxc4 {[%clk 0:32:45]} 14. bxc4 {[%clk 0:50:05]} 14... Qc7
{[%clk 0:31:21]} 15. d6 {[%clk 0:45:53]} 15... exd6 {[%clk 0:26:38]} 16. exd6 {
[%clk 0:46:06]} 16... Qc6 {[%clk 0:25:24]} 17. Bxg7 {[%clk 0:41:56]} 17... Kxg7
{[%clk 0:25:44]} 18. Nc3 {[%clk 0:37:52]} 18... Rd8 {[%clk 0:22:08]} 19. Nd5 {
[%clk 0:36:19]} 19... Rxd6 {[%clk 0:20:36]} 20. Qf3 {[%clk 0:35:38]} 20... Qd7
{[%clk 0:18:33]} 21. Rad1 {[%clk 0:33:47]} 21... Rxd5 {[%clk 0:08:33]} 22. Rxd5
{[%clk 0:32:24]} 22... Qe7 {[%clk 0:08:32]} 23. Qf4 {[%clk 0:28:19]} 23... b6 {
[%clk 0:05:37]} 24. h4 {[%clk 0:23:09]} 24... Be6 {[%clk 0:05:23]} 25. Rd2 {
[%clk 0:21:56]} 25... Rd8 {[%clk 0:04:40]} 26. Rdf2 {[%clk 0:19:30]} 26... h5 {
[%clk 0:04:08]} 27. Qe5+ {[%clk 0:18:27]} 27... Kg8 {[%clk 0:03:49]} 28. Rf6 {
[%clk 0:14:21]} 28... Qe8 {[%clk 0:03:05]} 29. Qe4 {[%clk 0:11:41]} 29... b5 {
[%clk 0:02:21]} 30. cxb5 30... axb5 {[%clk 0:02:49]} 31. Rc1 {[%clk 0:05:32]}
1/2-1/2

[Event "DVM U14 2020"]
[Site "Willingen GER"]
[Date "2021.06.26"]
[Round "5"]
[White "Lerchl, Clemens"]
[Black "Günther, Arthur"]
[Result "1-0"]
[Termination "normal"]
[Board "6.2"]
[WhiteElo "1711"]
[BlackElo "1573"]
[WhiteClock "00:21:30"]
[BlackClock "00:11:56"]
[WhiteTeam "Schach-Club Vaterstetten-Grasbrunn"]
[BlackTeam "SSV Vimaria 91 Weimar"]
[PlyCount "59"]
[WhiteFideId "16226372"]
[BlackFideId "16230078"]
[EventCountry "GER"]
[EventRounds "7"]
[EventType "team-swiss"]
[EventDate "2021.06.23"]

1. e4 {[%clk 1:30:58]} 1... d5 {[%clk 1:30:57]} 2. exd5 {[%clk 1:31:14]} 2...
Qxd5 {[%clk 1:31:23]} 3. Nf3 {[%clk 1:31:28]} 3... Bg4 4. Be2 {[%clk 1:31:51]}
4... Nc6 {[%clk 1:31:57]} 5. d4 {[%clk 1:31:59]} 5... O-O-O {[%clk 1:32:10]} 6.
c4 {[%clk 1:32:20]} 6... Qf5 {[%clk 1:32:28]} 7. Be3 {[%clk 1:30:04]} 7... Bxf3
{[%clk 1:32:00]} 8. Bxf3 {[%clk 1:29:53]} 8... Nxd4 {[%clk 1:32:15]} 9. Bxd4 {
[%clk 1:24:46]} 9... Qe6+ {[%clk 1:32:33]} 10. Be2 {[%clk 1:21:35]} 10... c5 {
[%clk 1:28:55]} 11. O-O {[%clk 1:16:41]} 11... cxd4 {[%clk 1:23:56]} 12. Bf3 {
[%clk 1:10:41]} 12... Qd7 {[%clk 1:16:29]} 13. Na3 {[%clk 1:07:01]} 13... e5 {
[%clk 1:10:48]} 14. c5 {[%clk 1:04:13]} 14... f5 {[%clk 1:09:17]} 15. c6 {
[%clk 0:59:19]} 15... bxc6 16. Bxc6 {[%clk 0:54:04]} 16... Qxc6 {[%clk 1:02:56]
} 17. Rc1 {[%clk 0:54:21]} 17... Bc5 {[%clk 1:03:21]} 18. b4 {[%clk 0:54:36]}
18... Rd5 {[%clk 0:58:11]} 19. Rxc5 {[%clk 0:54:08]} 19... Rxc5 {[%clk 0:58:32]
} 20. bxc5 {[%clk 0:54:32]} 20... Nf6 {[%clk 0:48:46]} 21. Qb3 {[%clk 0:51:31]}
21... Qd5 {[%clk 0:45:05]} 22. Qb5 {[%clk 0:45:51]} 22... Kc7 {[%clk 0:42:53]}
23. Rb1 {[%clk 0:39:52]} 23... Qc6 {[%clk 0:37:11]} 24. Qa5+ {[%clk 0:37:18]}
24... Kc8 {[%clk 0:33:33]} 25. Nc4 {[%clk 0:31:35]} 25... Rf8 {[%clk 0:25:07]}
26. Qxa7 {[%clk 0:21:56]} 26... Nd7 {[%clk 0:24:55]} 27. Nxe5 {[%clk 0:20:49]}
27... Qc7 {[%clk 0:11:11]} 28. Qa8+ {[%clk 0:20:55]} 28... Nb8 {[%clk 0:11:36]}
29. Rxb8+ {[%clk 0:21:05]} 29... Qxb8 {[%clk 0:11:56]} 30. Qxb8+ { [%clk
0:21:30]} 1-0